Aktuální informace o situaci na pojistném trhu z pohledu státního dozoru

Hodnotenie činnosti vytvárania predpokladov pre rozvoj a fungovanie poistného trhu v ČR a vznik poistenia na komerčnom základe z pohľadu štátneho dozoru. Prijatie zákonov o poisťovníctve. Výsledky v poisťovníctve za rok 1994 podľa predstaviteľov poisťovní. Podnikanie v poisťovníctve na území Českej...

Descrizione completa

Salvato in:
Dettagli Bibliografici
Autore principale: Štická, M.
Natura: Capitolo di libro
Lingua:ceco
Soggetti:
Tags: Aggiungi Tag
Nessun Tag, puoi essere il primo ad aggiungerne!!

MARC

LEADER 00000naa a2200000 4500
001 r018008
005 20221205102452.8
041 0 |a cze 
044 |a CZ 
245 1 0 |a Aktuální informace o situaci na pojistném trhu z pohledu státního dozoru  |c M. Štická 
520 |a Hodnotenie činnosti vytvárania predpokladov pre rozvoj a fungovanie poistného trhu v ČR a vznik poistenia na komerčnom základe z pohľadu štátneho dozoru. Prijatie zákonov o poisťovníctve. Výsledky v poisťovníctve za rok 1994 podľa predstaviteľov poisťovní. Podnikanie v poisťovníctve na území Českej republiky. Niektoré sledované ukazovatele z oblasti poisťovníctva podľa MF ČR ako orgánu štátneho dozoru. 
610 2 0 |a trh poistný 
610 2 0 |a Česko 
610 2 0 |a dozor štátny 
610 2 0 |a zákony 
610 2 0 |a poisťovne 
610 2 0 |a podnikanie 
100 1 |a Štická, M.